FRANKENSTEIN (Record no. 216686)

MARC details
000 -LEADER
fixed length control field 00465nam a22001817a 4500
008 - FIXED-LENGTH DATA ELEMENTS--GENERAL INFORMATION
fixed length control field 260226b |||||||| |||| 00| 0 eng d
020 ## - INTERNATIONAL STANDARD BOOK NUMBER
International Standard Book Number 978-1-85326 -023-0
050 ## - LIBRARY OF CONGRESS CALL NUMBER
Classification number PZ 5397 .S54 199
Item number 1
100 ## - MAIN ENTRY--PERSONAL NAME
Personal name SHELLEY MARY
245 ## - TITLE STATEMENT
Title FRANKENSTEIN
260 ## - PUBLICATION, DISTRIBUTION, ETC.
Place of publication, distribution, etc. WARE , HERTFORDSHIRE
Name of publisher, distributor, etc. WORDWORTH
Date of publication, distribution, etc. 1999
300 ## - PHYSICAL DESCRIPTION
Extent XXIV , 175P
500 ## - GENERAL NOTE
General note INCLUIDES NOTES
650 ## - SUBJECT ADDED ENTRY
Topical term or geographic name entry element FRAQNKENSTEIN
700 ## - ADDED ENTRY--PERSONAL NAME
Personal name SHELLEY MARY
942 ## - ADDED ENTRY ELEMENTS (KOHA)
Source of classification or shelving scheme Library of Congress Classification
Koha item type Long Loan Book
Holdings
Withdrawn status Lost status Source of classification or shelving scheme Damaged status Not for loan Collection Home library Current library Shelving location Date acquired Inventory number Total checkouts Full call number Barcode Date last seen Copy number Price effective from Koha item type
    Dewey Decimal Classification     Arts & Social Sciences Kisii University Library Kisii University Library On Display 02/26/2026 111150   PR 5397 .S54 1999 A001086 02/26/2026 C.1 02/26/2026 Long Loan Book
    Dewey Decimal Classification     Arts & Social Sciences Kisii University Library Kisii University Library On Display 02/26/2026 111151   PR 5397 .S54 1999 A001088 02/26/2026 C.2 02/26/2026 Long Loan Book
    Dewey Decimal Classification     Arts & Social Sciences Kisii University Library Kisii University Library On Display 02/26/2026 111152   PR 5397 .S54 1999 A001087 02/26/2026 C.3 02/26/2026 Long Loan Book
    Dewey Decimal Classification     Arts & Social Sciences Kisii University Library Kisii University Library On Display 02/26/2026 111153   PR 5397 .S54 1999 A001292 02/26/2026 C.4 02/26/2026 Long Loan Book
    Dewey Decimal Classification     Arts & Social Sciences Kisii University Library Kisii University Library On Display 02/26/2026 111154   PR 5397 .S54 1999 A001291 02/26/2026 C.5 02/26/2026 Long Loan Book